000
00244nam a2200109Ia 4500
999
_c
6561
_d
6561
020
_a
978-8126531196
100
_a
David A. Decenzo
245
0
_a
Human Resource Management
260
_a
London
_b
Addision-Wesley
_c
2002
300
_a
460
942
_c
BK